000
00240nam a22001097a 4500
082
_a
954.91 PAK'P
100
_a
RAFIQUE, AKHTAR
_9
75850
245
_a
PAKISTAN YEARS BOOK 1978
260
_a
LAHORE
_b
EWP
_c
1978
300
_a
520P
942
_c
BK
999
_c
581260
_d
581260